| 000 | 00486nam a2200181Ia 4500 | ||
|---|---|---|---|
| 003 | OSt | ||
| 005 | 20260212160910.0 | ||
| 020 | _a978-1-4160-2884-0 | ||
| 040 | _cLC | ||
| 050 | _aQP 34.5 .H 47 2007 | ||
| 100 | _aHERLIHY,BARBARA | ||
| 245 | 0 | _aSTUDY GUIDE FOR THE HUMAN BODY IN HEALTH AND ILLNESS | |
| 250 | _a3 | ||
| 260 |
_aST. LOIUS MISSOURI, _bSAUNDERS ELSEVIER, _c2007, |
||
| 300 | _aiX, 286 P, ILL | ||
| 650 | _aHuman physiology, Physiology-Pathological | ||
| 942 |
_cBK _2lcc |
||
| 999 |
_c193226 _d193226 |
||